000 00970nam a22001817a 4500
003 CUTN
005 20180622165236.0
008 180622b xxu||||| |||| 00| 0 eng d
020 _a9788130933818
041 _aEnglish
082 _a550
_bCUL
100 _aCullen, Katherine
245 _aPioneers In Science Earth Science: The people Behind the Science
260 _aNew Delhi
_bViva Books
_c2017
300 _axv,170 p.
505 _aChapters
_tThe Forefather of Geology and the father of Mineralogy
_tThe Law of superposition of Rock of Layers and the principles of original Horizontality and lateral Extension
_tUniformitarianism as the central principle of Historical Geology
_tUnification of the Natural Sciences
_tThe Reality of Extinction of past life forms
_tCreation of the Worlds first Geological Map
_tThe Gradual Nature of Earths Processes
_tThe Theory of Continental Drift
_tEstimation of the Earths Age
_tTheory of Punctuated Equilibrium
942 _2ddc
_cBOOKS
999 _c25206
_d25206